| 000 | 00376nam a22001577a 4500 | ||
|---|---|---|---|
| 003 | OSt | ||
| 005 | 20240313110019.0 | ||
| 008 | 171117b xxu||||| |||| 00| 0 eng d | ||
| 020 | _a9780070682177 | ||
| 040 | _cSEROSOFT | ||
| 100 | _aGABRIEL , SJ MARCAS | ||
| 245 | _aFINANCIAL ACCOUNTING | ||
| 260 |
_aNEW DELHI _bTATA MC GRA HILL _c2011 |
||
| 300 | _a1053 | ||
| 942 |
_2ddc _c01 |
||
| 999 |
_c40895 _d40895 |
||